| 000 | 00494nam a2200169Ia 4500 | ||
|---|---|---|---|
| 999 |
_c21576 _d21576 |
||
| 003 | OSt | ||
| 005 | 20200624094237.0 | ||
| 008 | 190216s9999||||xx |||||||||||||| ||und|| | ||
| 040 | _coclc | ||
| 082 |
_a954.035 _bMAN/M |
||
| 100 |
_aManthanam, Joseph _93145 |
||
| 245 | 4 |
_aThe Mystery Of Netaji`s Death / _c Joseph Manthanam |
|
| 260 |
_bNetaji Study Circle, _c1998. _aKerala: |
||
| 300 | _a102p | ||
| 650 | _aHistory | ||
| 942 |
_cBK _2ddc _h954.035 _iMAN/M _k954.035 _mMAN/M |
||